000 00672nam a2200217Ia 4500
005 20241129111003.0
008 241129s9999||||xx |||||||||||||| ||und||
020 _a978-1-009-05607-6
037 _aTB
040 _aCRL
_beng
_cCRL
041 _aeng
_2eng
084 _aV2:1941 R1
_qCRL
100 _aGardner Kyle J. Au.
_9723044
245 0 _aFrontier complex: geopolitics and the making of the India China border, 1846-1962
_cGardner Kyle J. Au.
260 _aNew Delhi, India
_bUniversity Press
_c2021
300 _axxi,280p.
365 _aINR
_b1095
650 _aIndian HistoryForeign Policy
942 _cTB
_hV2:1941 R1
999 _c1228413
_d1228413